000 01204nam a2200301 4500
001 0000021231
003 CO-CtgCURN
005 20250329191031.0
007 ta
008 160627s2001 000 0 eng d
020 _a9586165388
040 _aCO-CtgCURN
_bspa
_ccoctgcurn
082 0 _a338.7622
_bC824m
100 1 _aCorrea Restrepo, Juan Santiago.
245 1 0 _aMineria y comercio :
_blas raices de la elite antioqueña (1775-1810) /
_cJuan Santiago Correa Restrepo.
260 _aBogotá :
_bUniversidad Externado de Colombia,
_c2001.
300 _a119 p.
336 _2rdacontent
337 _2rdamedia
_asin mediacion
_bn
338 _2rdacarrier
_avolumen
_bnc
490 1 _aUniversidad Externado de Colombia. Tesis de grado ;
_v7
504 _aIncluye bibliografia.
505 8 _aAntecedentes historicos.--La economia colonial.--Las elites en antioquia.--La mineria.--El comercio.--La actividad agropecuaria.--La estructura de poder.--Las reformas economicas.--La esclavitud y los negros libres
650 1 4 _aMinas
_zAntioquia (Colombia)
908 _a160627
942 _cBK
_h338.7622
_iC824m
_2ddc
999 _c11797
_d11797